Države koje koriste Euro - Statistics

General Stats
  • This quiz has been taken 495 times
  • The average score is 15 of 20
Answer Stats
Godina Zemlja % Correct
2023 Hrvatska
96%
1999 Njemačka
93%
1999 Francuska
91%
1999 Italija
88%
1999 Španjolska
87%
1999 Austrija
85%
1999 Portugal
84%
1999 Belgija
83%
2007 Slovenija
83%
1999 Nizozemska
79%
2009 Slovačka
74%
1999 Finska
70%
2001 Grčka
69%
1999 Luksemburg
67%
2015 Litva
64%
2014 Latvija
63%
2011 Estonija
62%
1999 Irska
57%
2008 Malta
48%
2008 Cipar
34%
No matching quizzes found
Score Distribution
Percent of People with Each Score
Percentile by Number Answered
Your Score History
You have not taken this quiz